[Event "XIX Autunno Scacchistico Magistrale"]
[Site "Venezia ITA"]
[Date "2013.11.01"]
[Round "1"]
[White "Loetscher, Roland"]
[Black "Zamengo, Fulvio"]
[Result "1-0"]
[WhiteElo "2414"]
[BlackElo "2116"]
[PlyCount "81"]
[EventDate "2013.11.01"]

1. d4 Nf6 2. c4 c5 3. d5 b5 4. cxb5 a6 5. bxa6 g6 6. Nc3 Bxa6 7. Nf3 d6 8. e4
Bxf1 9. Kxf1 Bg7 10. g3 Nbd7 11. Kg2 O-O 12. a4 Qb6 13. Qe2 Qb7 14. Rd1 Ra6 15.
Ra3 Rfa8 16. Qc2 Ne8 17. b3 Nc7 18. Bb2 Re8 19. Ne2 Bxb2 20. Qxb2 e6 21. dxe6
Rxe6 22. Nd2 d5 23. Nf4 dxe4 24. Nxe6 Nxe6 25. Kg1 Nd4 26. Nc4 Nf6 27. Rxd4
cxd4 28. Qxd4 Qb4 29. Qd2 Qc5 30. Ra1 Qh5 31. Re1 Qh3 32. Qd8+ Kg7 33. Qd4 Kg8
34. Na3 h5 35. Rc1 Re6 36. Rc8+ Kg7 37. Qb4 Nd7 38. Qd4+ Nf6 39. Rc7 Kh6 40.
Rxf7 Kg5 41. f4+ 1-0

[Event "XIX Autunno Scacchistico Magistrale"]
[Site "Venezia ITA"]
[Date "2013.11.01"]
[Round "1"]
[White "Capaliku, Aleks"]
[Black "Genocchio, Daniele"]
[Result "1/2-1/2"]
[WhiteElo "2112"]
[BlackElo "2411"]
[PlyCount "64"]
[EventDate "2013.11.01"]

1. f4 d5 2. b3 Nf6 3. Nf3 g6 4. e3 Bg7 5. Bb2 O-O 6. Be2 c5 7. O-O Nc6 8. Ne5
Bd7 9. Bf3 Rc8 10. d3 Qc7 11. Nd2 Rfd8 12. Qe2 Be8 13. g4 Nd7 14. Nxc6 bxc6 15.
Bxg7 Kxg7 16. f5 Qe5 17. Bg2 Qc3 18. fxg6 hxg6 19. Nf3 Ne5 20. Nxe5 Qxe5 21.
Rae1 f6 22. e4 Bf7 23. h3 Be6 24. Rf3 Rh8 25. Qf2 Rcf8 26. Qg3 g5 27. Qxe5 fxe5
28. Rxf8 Rxf8 29. Rf1 Rb8 30. Rd1 Rb6 31. Kf2 Ra6 32. a4 Rb6 1/2-1/2

[Event "XIX Autunno Scacchistico Magistrale"]
[Site "Venezia ITA"]
[Date "2013.11.01"]
[Round "1"]
[White "Mrdja, Milan"]
[Black "Gallo, Enrico"]
[Result "1-0"]
[WhiteElo "2388"]
[BlackElo "2107"]
[PlyCount "107"]
[EventDate "2013.11.01"]

1. e4 c5 2. Nf3 e6 3. d4 cxd4 4. Nxd4 Nc6 5. f4 Qb6 6. Nb3 Nf6 7. Bd3 Nb4 8.
Nc3 Nxd3+ 9. cxd3 d5 10. e5 d4 11. exf6 dxc3 12. bxc3 gxf6 13. Qe2 Rg8 14. Be3
Qc6 15. O-O b6 16. Nd4 Qd7 17. a4 Bc5 18. Nc2 Bb7 19. Rf2 Rc8 20. c4 Bxe3 21.
Qxe3 Qc6 22. Ne1 Qc5 23. Re2 Kd7 24. a5 Rg4 25. axb6 axb6 26. Ra7 Qxe3+ 27.
Rxe3 Kc7 28. g3 Kb8 29. Ra2 h5 30. h3 Rg7 31. Kf2 h4 32. g4 f5 33. g5 Rgg8 34.
Rb2 Rgd8 35. Re5 Rc5 36. Ke3 Kc7 37. Rxc5+ bxc5 38. Rb5 Bc6 39. Rxc5 Kb6 40.
Re5 Ra8 41. g6 fxg6 42. Rxe6 Ra1 43. Nf3 Kc7 44. Ne5 Ba4 45. Rxg6 Rh1 46. Kd4
Rxh3 47. Rg7+ Kd6 48. Rh7 Rh1 49. Rh6+ Kc7 50. Kc5 h3 51. Rh7+ Kb8 52. d4 Rf1
53. Rxh3 Rxf4 54. Kb6 1-0

[Event "XIX Autunno Scacchistico Magistrale"]
[Site "Venezia ITA"]
[Date "2013.11.01"]
[Round "1"]
[White "Santolini, Luigi"]
[Black "Xia, Jie"]
[Result "1/2-1/2"]
[WhiteElo "2104"]
[BlackElo "2284"]
[PlyCount "104"]
[EventDate "2013.11.01"]

1. d4 Nf6 2. c4 g6 3. Nc3 Bg7 4. e4 d6 5. Nf3 O-O 6. Be2 e5 7. O-O Nbd7 8. Re1
exd4 9. Nxd4 Re8 10. Bf1 c6 11. Rb1 Nc5 12. f3 Nh5 13. Be3 Ne6 14. Qd2 Nxd4 15.
Bxd4 Be5 16. Be3 f5 17. exf5 Bxf5 18. Rbd1 Nf6 19. Bd4 Bxd4+ 20. Qxd4 Qb6 21.
Rxe8+ Nxe8 22. Qxb6 axb6 23. g4 Be6 24. h4 Kf7 25. Kf2 Ke7 26. Kg3 Nc7 27. f4
d5 28. cxd5 Nxd5 29. Nxd5+ Bxd5 30. a3 Ra4 31. Bd3 Kf7 32. f5 gxf5 33. Bxf5 h6
34. Bc8 Re4 35. Bxb7 Re2 36. Rf1+ Kg7 37. Rf2 Re3+ 38. Kf4 Re8 39. Rc2 b5 40.
Rc3 Re4+ 41. Kf5 b4 42. axb4 Rxb4 43. Bxc6 Bxc6 44. Rxc6 Rb5+ 45. Ke6 Rxb2 46.
Rc7+ Kg8 47. Kf5 Rb5+ 48. Kg6 Rb6+ 49. Kf5 Rd6 50. g5 hxg5 51. hxg5 Ra6 52. g6
Ra1 1/2-1/2

[Event "XIX Autunno Scacchistico Magistrale"]
[Site "Venezia ITA"]
[Date "2013.11.01"]
[Round "1"]
[White "Basso, Pier Luigi"]
[Black "Boraso, Alessio"]
[Result "1-0"]
[WhiteElo "2271"]
[BlackElo "2098"]
[PlyCount "95"]
[EventDate "2013.11.01"]

1. d4 Nf6 2. c4 g6 3. Nf3 Bg7 4. g3 O-O 5. Bg2 d6 6. O-O Nc6 7. Nc3 a6 8. Qd3
e5 9. dxe5 dxe5 10. Qxd8 Rxd8 11. Bg5 Be6 12. Rac1 h6 13. Bxf6 Bxf6 14. Ne1 Bg7
15. b3 f5 16. Bxc6 bxc6 17. Nd3 e4 18. Nc5 Kf7 19. N3a4 Rd2 20. Rfd1 Rad8 21.
Rxd2 Rxd2 22. Kf1 Rxa2 23. Nxa6 Be5 24. Nb4 Ra3 25. Nxc6 Bf6 26. Nc5 Be7 27.
Nxe6 Kxe6 28. b4 Bf6 29. b5 Rc3 30. Rxc3 Bxc3 31. Nb8 Kd6 32. Na6 Bd4 33. f3 c6
34. fxe4 fxe4 35. Kg2 cxb5 36. cxb5 Kd5 37. g4 g5 38. Nb4+ Kc5 39. Nc2 Bg7 40.
Kf2 Be5 41. Ke3 Bxh2 42. Kxe4 Kxb5 43. Nd4+ Kc4 44. Nf5 Bc7 45. Nxh6 Bd8 46.
Nf7 Be7 47. Kf5 Kd4 48. e4 1-0

[Event "XIX Autunno Scacchistico Magistrale"]
[Site "Venezia ITA"]
[Date "2013.11.01"]
[Round "1"]
[White "Zuttioni, Federico"]
[Black "Ceschia, Ivano"]
[Result "1-0"]
[WhiteElo "2093"]
[BlackElo "2244"]
[PlyCount "51"]
[EventDate "2013.11.01"]

1. e4 c5 2. Nf3 Nc6 3. d4 cxd4 4. Nxd4 Qb6 5. Nxc6 bxc6 6. Bd3 Nf6 7. O-O d6 8.
Nd2 g6 9. Qe1 Ng4 10. Nc4 Qd4 11. Bd2 f6 12. Bc3 Qc5 13. Rd1 Qh5 14. h3 Ne5 15.
Nxe5 fxe5 16. f4 Bg7 17. Be2 Qh6 18. fxe5 Qe3+ 19. Kh1 Be6 20. Rf3 Qxe4 21. Rd4
Qxe5 22. Rdf4 Bd5 23. Bxe5 dxe5 24. Rb4 a5 25. Rb7 e4 26. Rf1 1-0

[Event "XIX Autunno Scacchistico Magistrale"]
[Site "Venezia ITA"]
[Date "2013.11.01"]
[Round "1"]
[White "Guerra, Alessandro"]
[Black "Redo, Giorgio"]
[Result "1/2-1/2"]
[WhiteElo "2226"]
[BlackElo "2090"]
[PlyCount "94"]
[EventDate "2013.11.01"]

1. e4 c5 2. Nf3 Nc6 3. Bb5 Nf6 4. e5 Nd5 5. O-O g6 6. Nc3 Nxc3 7. dxc3 Bg7 8.
Qd5 Qb6 9. Bc4 e6 10. Qe4 Qc7 11. Bf4 b6 12. Rad1 Bb7 13. Qd3 a6 14. Qd6 Qxd6
15. Rxd6 b5 16. Be2 Bf8 17. Rd2 h6 18. Rfd1 O-O-O 19. h4 Be7 20. Bg3 Nb8 21.
Nh2 h5 22. f4 Kc7 23. Bf3 Bc6 24. Kf1 Rhf8 25. Ke2 d5 26. exd6+ Bxd6 27. Kf1 f5
28. Bxc6 Nxc6 29. Nf3 Be7 30. Re1 Rxd2 31. Nxd2 Rd8 32. Nf3 Rd6 33. Bf2 c4 34.
Bc5 Rd7 35. Bd4 Nxd4 36. cxd4 Rd6 37. d5 Bf6 38. dxe6 Kd8 39. e7+ Bxe7 40. b3
cxb3 41. cxb3 Bf6 42. Rc1 Kd7 43. Ke2 Rc6 44. Rd1+ Ke6 45. Rd2 Rc1 46. Kd3 Kd5
47. Ke3+ Ke6 1/2-1/2

[Event "XIX Autunno Scacchistico Magistrale"]
[Site "Venezia ITA"]
[Date "2013.11.01"]
[Round "1"]
[White "Maloberti, David"]
[Black "Dappiano, Andrea"]
[Result "1/2-1/2"]
[WhiteElo "2075"]
[BlackElo "2194"]
[PlyCount "113"]
[EventDate "2013.11.01"]

1. d4 e6 2. c4 Bb4+ 3. Nc3 c5 4. e3 d5 5. a3 Bxc3+ 6. bxc3 Nf6 7. cxd5 exd5 8.
Bd3 O-O 9. Ne2 b6 10. O-O Ba6 11. Bxa6 Nxa6 12. f3 Re8 13. Ng3 Nc7 14. Qd3 Qd7
15. Bb2 c4 16. Qe2 h5 17. Rae1 h4 18. Nh1 Ne6 19. Nf2 Ng5 20. Bc1 Qf5 21. e4
Qg6 22. Bxg5 Qxg5 23. Nh3 Qh6 24. e5 Nh7 25. f4 Nf6 26. Ng5 Nh7 27. Qg4 Re7 28.
Nxh7 Kxh7 29. Rf3 Rg8 30. Rh3 g5 31. fxg5 Rxg5 32. Qxh4 Qxh4 33. Rxh4+ Kg7 34.
Rf4 b5 35. Kf2 Rg6 36. Ra1 Ra6 37. g4 Ree6 38. g5 Ra4 39. Rf6 a5 40. Rb1 Rxa3
41. Rxb5 Rxc3 42. Rxa5 Rxf6+ 43. gxf6+ Kg6 44. Rxd5 Rd3 45. Ke2 Rh3 46. Rc5
Rxh2+ 47. Ke3 Kf5 48. Rc7 Rh3+ 49. Ke2 Ke4 50. Rxf7 Rh2+ 51. Kf1 Kxd4 52. e6 c3
53. Rc7 Rh6 54. f7 Rf6+ 55. Ke2 Rxe6+ 56. Kd1 Rf6 57. Rd7+ 1/2-1/2

[Event "XIX Autunno Scacchistico Magistrale"]
[Site "Venezia ITA"]
[Date "2013.11.01"]
[Round "1"]
[White "Negro, Roberto"]
[Black "Simonetto, Adriano"]
[Result "1/2-1/2"]
[WhiteElo "2172"]
[BlackElo "2067"]
[PlyCount "47"]
[EventDate "2013.11.01"]

1. Nf3 d5 2. g3 Nf6 3. Bg2 c5 4. d3 g6 5. O-O Bg7 6. Nc3 Nc6 7. Bg5 h6 8. Bxf6
Bxf6 9. Nd2 O-O 10. Nxd5 Bxb2 11. Rb1 Bg7 12. Rb5 b6 13. Nxb6 axb6 14. Bxc6
Rxa2 15. Qb1 Be6 16. Rxb6 Bc3 17. Nc4 Bxc4 18. dxc4 Ra1 19. Qb3 Rxf1+ 20. Kxf1
Bb4 21. Ra6 Qd1+ 22. Kg2 Qxe2 23. Bf3 Qd2 24. Qd3 1/2-1/2

[Event "XIX Autunno Scacchistico Magistrale"]
[Site "Venezia ITA"]
[Date "2013.11.01"]
[Round "1"]
[White "Lodici, Lorenzo"]
[Black "Bianchi, Andrea"]
[Result "0-1"]
[WhiteElo "2050"]
[BlackElo "2164"]
[PlyCount "62"]
[EventDate "2013.11.01"]

1. d4 d5 2. c4 e6 3. Nc3 Be7 4. cxd5 exd5 5. Bf4 c6 6. e3 Bf5 7. g4 Bg6 8. h4
h5 9. g5 Nd7 10. Nf3 Qb6 11. Qd2 Bf5 12. Bh3 Bxh3 13. Rxh3 g6 14. O-O-O Bb4 15.
Ne5 Ne7 16. Nxd7 Kxd7 17. a3 Bxc3 18. Qxc3 Rhe8 19. Be5 Nf5 20. e4 dxe4 21. d5
c5 22. f4 c4 23. Bd4 Qb5 24. Rh2 b6 25. Be5 Rac8 26. Qh3 Qb3 27. Bc3 a5 28. Re2
b5 29. Re3 b4 30. Bd4 c3 31. bxc3 bxc3 0-1

[Event "XIX Autunno Scacchistico Magistrale"]
[Site "Venezia ITA"]
[Date "2013.11.01"]
[Round "1"]
[White "Vianello, Enrico"]
[Black "Faccia, Sergio"]
[Result "1/2-1/2"]
[WhiteElo "2157"]
[BlackElo "2037"]
[PlyCount "102"]
[EventDate "2013.11.01"]

1. Nf3 Nf6 2. c4 g6 3. Nc3 c5 4. g3 Bg7 5. Bg2 O-O 6. d4 cxd4 7. Nxd4 Nc6 8.
O-O a6 9. Bf4 Qb6 10. Nb3 d6 11. Rc1 Be6 12. Nd5 Bxd5 13. cxd5 Ne5 14. Qc2 Qb5
15. Bxe5 dxe5 16. e4 Bh6 17. Rce1 Rac8 18. Qe2 Qa4 19. f4 exf4 20. gxf4 Qxa2
21. Nc1 Qc4 22. Nd3 Qd4+ 23. Kh1 Rc7 24. Rd1 Rfc8 25. Qf3 Nh5 26. Bh3 Rd8 27.
Rf2 Nf6 28. Bg2 Rdc8 29. Ne1 Qb6 30. Bh3 Nxe4 31. Rg2 f5 32. Bxf5 Nd6 33. Bxg6
hxg6 34. Rxg6+ Bg7 35. Qg4 e6 36. Qxe6+ Kf8 37. Nd3 Rd8 38. Ne5 Re7 39. Qg4 Qc7
40. Rg1 Ne8 41. Rh6 Rxe5 42. fxe5 Qxe5 43. Rh5 Qd6 44. Rf5+ Kg8 45. Qh5 Qe7 46.
Qf3 Rd7 47. Rfg5 Qf7 48. Qd3 Qf6 49. Rh5 Rf7 50. Re1 Nd6 51. Rh3 Qf5 1/2-1/2

[Event "XIX Autunno Scacchistico Magistrale"]
[Site "Venezia ITA"]
[Date "2013.11.01"]
[Round "1"]
[White "Cardarelli, Angelo"]
[Black "Sorbera, Giovanni"]
[Result "0-1"]
[WhiteElo "2004"]
[BlackElo "2154"]
[PlyCount "68"]
[EventDate "2013.11.01"]

1. c4 Nf6 2. Nc3 d5 3. cxd5 Nxd5 4. g3 g6 5. Bg2 c6 6. Nxd5 cxd5 7. Qb3 e6 8.
d4 Nc6 9. Nf3 Bg7 10. Be3 Qa5+ 11. Bd2 Qd8 12. Be3 O-O 13. h4 Na5 14. Qb4 Nc4
15. Bg5 f6 16. b3 a5 17. Qc3 Nd6 18. Bf4 Ne4 19. Qb2 Bd7 20. Nd2 Bc6 21. Nxe4
dxe4 22. O-O a4 23. Qd2 f5 24. Be3 axb3 25. axb3 Qd5 26. b4 Rfd8 27. Rxa8 Rxa8
28. Rb1 Rd8 29. Rd1 Qb3 30. f4 Ra8 31. Kf2 Ra2 32. Qc1 Qxb4 33. Qc5 Qb2 34. Re1
Ra3 0-1

[Event "XIX Autunno Scacchistico Magistrale"]
[Site "Venezia ITA"]
[Date "2013.11.01"]
[Round "1"]
[White "Mileto, Gabriele"]
[Black "Dorigo, Tommaso"]
[Result "1-0"]
[WhiteElo "2140"]
[BlackElo "1998"]
[PlyCount "35"]
[EventDate "2013.11.01"]

1. c4 c6 2. Nf3 Nf6 3. g3 d5 4. Bg2 Bf5 5. cxd5 cxd5 6. Qb3 Bxb1 7. Qxb7 Be4 8.
Qxa8 Qc7 9. d3 e5 10. dxe4 d4 11. O-O Bc5 12. Bg5 O-O 13. Bxf6 Nc6 14. Qxf8+
Kxf8 15. Bg5 f6 16. Bd2 Qb6 17. Rab1 Qa6 18. Rbc1 1-0

[Event "XIX Autunno Scacchistico Magistrale"]
[Site "Venezia ITA"]
[Date "2013.11.01"]
[Round "1"]
[White "Pesco, Giuseppe"]
[Black "Ross, Amanda"]
[Result "1-0"]
[WhiteElo "1936"]
[BlackElo "2135"]
[PlyCount "53"]
[EventDate "2013.11.01"]

1. Nf3 e6 2. g3 d5 3. Bg2 c5 4. d3 Nf6 5. O-O Nc6 6. Nbd2 Rb8 7. Re1 Be7 8. c3
O-O 9. e4 d4 10. c4 e5 11. h3 Bd7 12. Rf1 Qc8 13. Kh2 Ne8 14. Ne1 f5 15. exf5
Rxf5 16. Ne4 Rf8 17. f4 Bf5 18. fxe5 Bxe4 19. Rxf8+ Bxf8 20. Bxe4 Nxe5 21. Bf4
Bd6 22. Qe2 Qc7 23. Ng2 Nf6 24. Re1 Nxe4 25. Qxe4 Ng6 26. Qe6+ Kh8 27. Bxd6 1-0

[Event "XIX Autunno Scacchistico Magistrale"]
[Site "Venezia ITA"]
[Date "2013.11.02"]
[Round "2"]
[White "Sorbera, Giovanni"]
[Black "Loetscher, Roland"]
[Result "1/2-1/2"]
[WhiteElo "2154"]
[BlackElo "2414"]
[PlyCount "72"]
[EventDate "2013.11.01"]

1. e4 e5 2. Nf3 Nc6 3. d4 exd4 4. Nxd4 Nf6 5. Nxc6 bxc6 6. Nc3 Bb4 7. Bd3 d5 8.
exd5 O-O 9. O-O cxd5 10. Bg5 c6 11. Qf3 Rb8 12. Bxf6 Qxf6 13. Qxf6 gxf6 14. Ne2
Bd6 15. b3 Be5 16. Rad1 a5 17. c4 a4 18. f4 Bb2 19. bxa4 Rd8 20. cxd5 cxd5 21.
Rb1 d4 22. f5 Bd7 23. a5 Ba3 24. a6 Bc5 25. Nf4 Kf8 26. Rfc1 Rxb1 27. Rxb1 Ra8
28. Nd5 Kg7 29. Rc1 Rc8 30. Kf1 Ba7 31. Rxc8 Bxc8 32. Ke2 Bd7 33. Nb4 Kf8 34.
Nd5 Kg7 35. Nb4 Kf8 36. Nd5 Kg7 1/2-1/2

[Event "XIX Autunno Scacchistico Magistrale"]
[Site "Venezia ITA"]
[Date "2013.11.02"]
[Round "2"]
[White "Mileto, Gabriele"]
[Black "Mrdja, Milan"]
[Result "1-0"]
[WhiteElo "2140"]
[BlackElo "2388"]
[PlyCount "119"]
[EventDate "2013.11.01"]

1. c4 e5 2. g3 Nc6 3. Nc3 Nf6 4. Bg2 Bb4 5. Nf3 Bxc3 6. bxc3 O-O 7. O-O Re8 8.
d3 e4 9. Ng5 exd3 10. exd3 h6 11. Ne4 d6 12. Re1 Ne5 13. Nxf6+ Qxf6 14. Bf4 c6
15. Rc1 Re7 16. Bxe5 dxe5 17. Qe2 Bf5 18. Be4 Rd8 19. Qf3 Bc8 20. Re3 Qxf3 21.
Rxf3 Bg4 22. Re3 Red7 23. Kf1 g6 24. h4 Kg7 25. Rb1 h5 26. Rb3 Be6 27. Ra3 a6
28. Ra5 f6 29. Ke2 Bf7 30. Bf3 Rc7 31. Rc5 Rd6 32. Ra5 c5 33. Ra3 Rcd7 34. Rb3
b5 35. Bd5 Bxd5 36. cxd5 Rxd5 37. Ra3 R5d6 38. Ra5 Rc6 39. a4 Rb7 40. axb5 axb5
41. Kd2 Kf7 42. Re1 c4 43. Kc2 cxd3+ 44. Kxd3 Ke6 45. Rb1 Rcb6 46. Rb4 Kf5 47.
Ke2 g5 48. Ra3 Rc7 49. Rab3 Rc5 50. hxg5 fxg5 51. c4 bxc4 52. Rf3+ Kg4 53. Rxb6
c3 54. Rb1 c2 55. Rc1 e4 56. Re3 Rc4 57. Kd2 Kh3 58. Rxc2 Rxc2+ 59. Kxc2 Kg2
60. Re2 1-0

[Event "XIX Autunno Scacchistico Magistrale"]
[Site "Venezia ITA"]
[Date "2013.11.02"]
[Round "2"]
[White "Zuttioni, Federico"]
[Black "Basso, Pier Luigi"]
[Result "0-1"]
[WhiteElo "2093"]
[BlackElo "2271"]
[PlyCount "55"]
[EventDate "2013.11.01"]

1. e4 c5 2. Nf3 Nc6 3. Bb5 Nd4 4. Nxd4 cxd4 5. O-O g6 6. d3 Bg7 7. Nd2 e6 8.
Nc4 Qc7 9. e5 Bxe5 10. Nxe5 Qxe5 11. Ba4 Ne7 12. Re1 Qc5 13. b4 Qxb4 14. c3
dxc3 15. Re4 Qa5 16. Rb1 a6 17. Bf4 b5 18. Be5 O-O 19. Bb3 f6 20. Bd6 Rf7 21.
Bb4 Qb6 22. Bxc3 d5 23. Re1 Bd7 24. Qd2 Nc6 25. Qh6 d4 26. Rxe6 Bxe6 27. Bxe6
Ne5 28. Ba5 0-1

[Event "XIX Autunno Scacchistico Magistrale"]
[Site "Venezia ITA"]
[Date "2013.11.02"]
[Round "2"]
[White "Bianchi, Andrea"]
[Black "Pesco, Giuseppe"]
[Result "1-0"]
[WhiteElo "2164"]
[BlackElo "1936"]
[PlyCount "45"]
[EventDate "2013.11.01"]

1. e4 c5 2. Nf3 d6 3. d4 cxd4 4. Qxd4 Nc6 5. Bb5 Bd7 6. Bxc6 Bxc6 7. Nc3 e5 8.
Qd3 Nf6 9. Bg5 Be7 10. O-O-O O-O 11. Bxf6 gxf6 12. Nh4 Bd7 13. Nd5 Be6 14.
Nxe7+ Qxe7 15. Qxd6 Qe8 16. Rd3 Kh8 17. Rhd1 Qa4 18. Qe7 Rfe8 19. Qxf6+ Kg8 20.
Rg3+ Kf8 21. Qg7+ Ke7 22. Qxe5 Qc6 23. Nf5+ 1-0

[Event "XIX Autunno Scacchistico Magistrale"]
[Site "Venezia ITA"]
[Date "2013.11.02"]
[Round "2"]
[White "Genocchio, Daniele"]
[Black "Santolini, Luigi"]
[Result "1-0"]
[WhiteElo "2411"]
[BlackElo "2104"]
[PlyCount "97"]
[EventDate "2013.11.01"]

1. e4 e6 2. d4 d5 3. e5 c5 4. c3 Qb6 5. Nf3 Nc6 6. Bd3 Nh6 7. O-O cxd4 8. cxd4
Nf5 9. Bxf5 exf5 10. Nc3 Be6 11. b3 h6 12. Na4 Qd8 13. Bb2 Rc8 14. Rc1 Be7 15.
Qe2 O-O 16. Rc2 b6 17. a3 Na5 18. Rxc8 Qxc8 19. Nd2 Qd7 20. Nc3 Rc8 21. Rc1 Bg5
22. Ncb1 Rxc1+ 23. Bxc1 Qc6 24. Qd1 Bc8 25. b4 Bxd2 26. Nxd2 Nb7 27. Nf1 Nd8
28. Ng3 Qc4 29. Be3 Nc6 30. Nh5 Qc3 31. h4 Be6 32. Nxg7 Kxg7 33. Qh5 Kf8 34.
Qxh6+ Ke7 35. Qf4 Qxa3 36. h5 Nd8 37. h6 Qa1+ 38. Kh2 Qd1 39. f3 f6 40. exf6+
Kd7 41. Bf2 Nf7 42. Qb8 Qc1 43. Bg3 Nd8 44. Qxa7+ Kc8 45. Qb8+ Kd7 46. Bf4 Qc3
47. h7 Nf7 48. Qb7+ Kd8 49. Qe7+ 1-0

[Event "XIX Autunno Scacchistico Magistrale"]
[Site "Venezia ITA"]
[Date "2013.11.02"]
[Round "2"]
[White "Xia, Jie"]
[Black "Maloberti, David"]
[Result "1-0"]
[WhiteElo "2284"]
[BlackElo "2075"]
[PlyCount "103"]
[EventDate "2013.11.01"]

1. e4 e6 2. d4 d5 3. e5 c5 4. c3 Qb6 5. Nf3 Nc6 6. Bd3 Bd7 7. O-O cxd4 8. cxd4
Nxd4 9. Nbd2 Be7 10. Nxd4 Qxd4 11. Nf3 Qb6 12. Be3 Qd8 13. Nd4 h5 14. Rc1 a6
15. b4 g6 16. Qd2 Qb8 17. Nf3 Kf8 18. Bg5 Qd8 19. Qf4 Kg7 20. Bxe7 Nxe7 21.
Qf6+ Kg8 22. Ng5 Be8 23. a4 Nc6 24. b5 Qxf6 25. exf6 Ne5 26. bxa6 bxa6 27. Be2
Nd7 28. Rc7 Nxf6 29. Rb1 Nh7 30. Nf3 Kg7 31. Rbb7 Kf6 32. h4 Rg8 33. Bd3 Rg7
34. a5 Nf8 35. Ng5 Nh7 36. f4 Nf8 37. Nf3 Nd7 38. Rxd7 Bxd7 39. Rxd7 Rgg8 40.
Ne5 Rgf8 41. Rb7 Kg7 42. Bxg6 Rab8 43. Ra7 Ra8 44. Rxf7+ Rxf7 45. Bxf7 Kf6 46.
Bxh5 Rc8 47. Be2 Rc1+ 48. Kf2 Ra1 49. Bxa6 Rxa5 50. Bd3 Ra1 51. h5 Rh1 52. h6
1-0

[Event "XIX Autunno Scacchistico Magistrale"]
[Site "Venezia ITA"]
[Date "2013.11.02"]
[Round "2"]
[White "Simonetto, Adriano"]
[Black "Guerra, Alessandro"]
[Result "1/2-1/2"]
[WhiteElo "2067"]
[BlackElo "2226"]
[PlyCount "33"]
[EventDate "2013.11.01"]

1. d4 Nf6 2. c4 g6 3. Nc3 Bg7 4. g3 d5 5. cxd5 Nxd5 6. Bg2 Nb6 7. Nf3 Nc6 8. e3
O-O 9. O-O h6 10. Re1 a5 11. h3 a4 12. Rb1 Ra5 13. Bd2 e5 14. Ne2 Ra8 15. Nxe5
Nxe5 16. dxe5 Bxe5 17. Bc3 1/2-1/2

[Event "XIX Autunno Scacchistico Magistrale"]
[Site "Venezia ITA"]
[Date "2013.11.02"]
[Round "2"]
[White "Dappiano, Andrea"]
[Black "Capaliku, Aleks"]
[Result "1-0"]
[WhiteElo "2194"]
[BlackElo "2112"]
[PlyCount "113"]
[EventDate "2013.11.01"]

1. Nf3 Nc6 2. c4 e5 3. Nc3 Nf6 4. e4 Bc5 5. Nxe5 Nxe5 6. d4 Bb4 7. dxe5 Nxe4 8.
Qd4 Nxc3 9. bxc3 c5 10. Qd3 Ba5 11. Be2 Bc7 12. Bf4 Qe7 13. Qg3 O-O 14. O-O Re8
15. Bd3 Bxe5 16. Rae1 d6 17. Bxe5 dxe5 18. f4 f6 19. fxe5 fxe5 20. Be4 Be6 21.
Qxe5 Rad8 22. Qh5 g6 23. Bxg6 hxg6 24. Qxg6+ Qg7 25. Rxe6 Qxg6 26. Rxg6+ Kh7
27. Rg3 Re2 28. h3 Rxa2 29. Rf5 Kh6 30. Rxc5 a5 31. Rd5 Ra8 32. Kh2 a4 33. Rg4
a3 34. Kg3 Rxg2+ 35. Kxg2 a2 36. Rd1 a1=Q 37. Rxa1 Rxa1 38. c5 Ra6 39. Kf3 Rc6
40. Rc4 Kg5 41. Ke4 Rh6 42. Rb4 Rxh3 43. Rxb7 Rxc3 44. Kd4 Rc1 45. Rf7 Kg6 46.
Rf2 Rd1+ 47. Kc4 Rc1+ 48. Kd5 Rd1+ 49. Kc6 Rc1 50. Kd6 Rd1+ 51. Kc7 Rc1 52. c6
Rc3 53. Kb7 Rb3+ 54. Kc8 Rc3 55. c7 Rc1 56. Rd2 Kf7 57. Kd7 1-0

[Event "XIX Autunno Scacchistico Magistrale"]
[Site "Venezia ITA"]
[Date "2013.11.02"]
[Round "2"]
[White "Faccia, Sergio"]
[Black "Negro, Roberto"]
[Result "0-1"]
[WhiteElo "2037"]
[BlackElo "2172"]
[PlyCount "80"]
[EventDate "2013.11.01"]

1. e4 g6 2. d4 Bg7 3. Nc3 d6 4. f4 a6 5. Nf3 b5 6. Bd3 Nd7 7. O-O c5 8. Be3
Ngf6 9. dxc5 Ng4 10. Qd2 Nxe3 11. Qxe3 Nxc5 12. Be2 O-O 13. Rad1 Bb7 14. e5 Qc7
15. exd6 exd6 16. b4 Rae8 17. Qd2 Bxc3 18. Qxc3 Rxe2 19. bxc5 Qxc5+ 20. Qxc5
dxc5 21. Rf2 Bxf3 22. gxf3 Rfe8 23. Kf1 R2e6 24. Rd5 c4 25. f5 Rf6 26. fxg6
hxg6 27. a4 Rb8 28. axb5 axb5 29. c3 b4 30. cxb4 Rxb4 31. Rc5 Rb1+ 32. Kg2 Rc1
33. f4 Kg7 34. Kf3 Rd6 35. Ke4 Kf6 36. Kf3 Rd3+ 37. Kg4 Rg1+ 38. Kh4 Rd4 39.
Kh3 Rd3+ 40. Kh4 Rd8 0-1

[Event "XIX Autunno Scacchistico Magistrale"]
[Site "Venezia ITA"]
[Date "2013.11.02"]
[Round "2"]
[White "Redo, Giorgio"]
[Black "Vianello, Enrico"]
[Result "1/2-1/2"]
[WhiteElo "2090"]
[BlackElo "2157"]
[PlyCount "137"]
[EventDate "2013.11.01"]

1. f4 d5 2. Nf3 g6 3. e3 Bg7 4. d4 Nh6 5. c4 c6 6. Nc3 O-O 7. cxd5 cxd5 8. Qb3
e6 9. Bd3 Nf5 10. O-O Nc6 11. Bd2 Nd6 12. Nb5 Nxb5 13. Bxb5 Qb6 14. Qa4 Bd7 15.
Rfc1 Rfd8 16. Bxc6 Bxc6 17. Qb4 Qxb4 18. Bxb4 f6 19. a4 Rac8 20. Rc3 Kf7 21.
Rac1 Re8 22. b3 Bf8 23. Bxf8 Kxf8 24. g4 h6 25. h4 Ke7 26. g5 Kd6 27. gxf6 Rf8
28. Ne5 Rxf6 29. b4 Rff8 30. Nxg6 Rg8 31. h5 Bd7 32. Rxc8 Bxc8 33. Kf2 Bd7 34.
b5 a6 35. bxa6 bxa6 36. a5 Rb8 37. Ne5 Be8 38. Rc5 Rb2+ 39. Ke1 Rh2 40. Rc8 Bb5
41. Ng4 Rxh5 42. Rh8 Rh1+ 43. Kf2 h5 44. Kg2 Ra1 45. Rxh5 Be2 46. Rg5 Bxg4 47.
Rxg4 Rxa5 48. f5 exf5 49. Rg6+ Kd7 50. Kf3 Ra3 51. Kf4 a5 52. Rf6 a4 53. Rxf5
Kc6 54. Rf6+ Kb5 55. Rd6 Kc4 56. Rc6+ Kb4 57. e4 dxe4 58. Kxe4 Ra1 59. Kd5 Rd1
60. Rb6+ Kc3 61. Rc6+ Kb3 62. Rb6+ Ka2 63. Kc4 a3 64. d5 Ka1 65. d6 a2 66. Kc5
Rc1+ 67. Kd5 Rb1 68. Ra6 Rd1+ 69. Ke6 1/2-1/2

[Event "XIX Autunno Scacchistico Magistrale"]
[Site "Venezia ITA"]
[Date "2013.11.02"]
[Round "2"]
[White "Ceschia, Ivano"]
[Black "Boraso, Alessio"]
[Result "1/2-1/2"]
[WhiteElo "2244"]
[BlackElo "2098"]
[PlyCount "136"]
[EventDate "2013.11.01"]

1. e4 c5 2. Nf3 Nc6 3. Bb5 e6 4. Bxc6 bxc6 5. O-O Ne7 6. b3 Ng6 7. Bb2 f6 8. h4
h5 9. d3 d5 10. e5 Be7 11. g3 f5 12. Nc3 Ba6 13. Ne2 Kd7 14. Bc1 Qc7 15. Nf4
Nxf4 16. Bxf4 Bb7 17. Qd2 a5 18. a4 g6 19. Bg5 Qd8 20. Rfe1 Bxg5 21. Nxg5 Qe7
22. Nh3 Ke8 23. c3 Ba6 24. c4 Kf7 25. Ng5+ Kg7 26. Qxa5 Rhe8 27. Qd2 Rab8 28.
Rab1 d4 29. Qa5 Ra8 30. b4 Bxc4 31. Qxc5 Bxd3 32. Rbd1 Qxc5 33. bxc5 Bc4 34.
Rxd4 Bd5 35. Rb1 Reb8 36. Rdb4 Rxb4 37. Rxb4 Ra5 38. Rb7+ Kg8 39. Rb8+ Kg7 40.
Rb7+ Kg8 41. Nh7 Rxa4 42. Nf6+ Kf8 43. Nxd5 cxd5 44. Rb6 Ke7 45. Rd6 Rc4 46. c6
d4 47. f4 Rc2 48. Kf1 Rc3 49. Kf2 Kf7 50. Ke2 Ke7 51. Kd2 Kf7 52. Rd7+ Ke8 53.
Rg7 Rxc6 54. Kd3 Rc3+ 55. Kxd4 Rxg3 56. Kc5 Kf8 57. Rb7 Rd3 58. Rb8+ Ke7 59.
Rg8 Rc3+ 60. Kd4 Rf3 61. Rg7+ Kf8 62. Rxg6 Kf7 63. Rf6+ Ke7 64. Rh6 Kd7 65. Kc5
Rc3+ 66. Kd4 Rf3 67. Kc5 Rc3+ 68. Kd4 Rf3 1/2-1/2

[Event "XIX Autunno Scacchistico Magistrale"]
[Site "Venezia ITA"]
[Date "2013.11.02"]
[Round "2"]
[White "Ross, Amanda"]
[Black "Lodici, Lorenzo"]
[Result "0-1"]
[WhiteElo "2135"]
[BlackElo "2050"]
[PlyCount "52"]
[EventDate "2013.11.01"]

1. d4 f5 2. c4 Nf6 3. Nc3 d6 4. Bg5 Nbd7 5. Qc2 g6 6. Nf3 Bg7 7. Rd1 O-O 8. Qd2
Ne4 9. Nxe4 fxe4 10. Nh4 Qe8 11. g3 Qf7 12. Be3 Qxc4 13. b3 Qf7 14. Qc2 Nf6 15.
Qxc7 Ng4 16. Qc3 Nxf2 17. Bxf2 Qxf2+ 18. Kd2 Bxd4 19. Qc4+ Kg7 20. Kc2 Bf6 21.
Qxe4 Bd7 22. Qf3 Qc5+ 23. Kb1 Qe5 24. Rd2 Qa1+ 25. Kc2 Qb2+ 26. Kd3 Qc3+ 0-1